Central Library OPAC University of Rajshahi

Decision and control : (Record no. 75491)

MARC details
000 -LEADER
fixed length control field 00965cam a22003132a 4500
001 - CONTROL NUMBER
control field 75491
003 - CONTROL NUMBER IDENTIFIER
rucl marc code BD-RjUL
005 - DATE AND TIME OF LATEST TRANSACTION
control field 20211209082711.0
008 - FIXED-LENGTH DATA ELEMENTS--GENERAL INFORMATION
fixed length control field 190418s19661974enka 001 0 eng d
020 ## - INTERNATIONAL STANDARD BOOK NUMBER
International Standard Book Number 0471062103 (hbk.)
035 ## - SYSTEM CONTROL NUMBER
System control number (BD-RjUL)75709
040 ## - CATALOGING SOURCE
Original cataloging agency DLC
Transcribing agency DLC
Modifying agency UKM
-- EQO
Language of cataloging eng
041 ## - LANGUAGE CODE
Language code of text/sound track or separate title eng
082 ## - DEWEY DECIMAL CLASSIFICATION NUMBER
Classification number 003.5011
Edition number 23
Author mark and year BED 1974
092 ## - LOCALLY ASSIGNED DEWEY CALL NUMBER (OCLC)
Classification number D0501926883
100 1# - MAIN ENTRY--PERSONAL NAME
Personal name Beer, Stafford.
9 (RLIN) 230693
245 10 - TITLE STATEMENT
Title Decision and control :
Remainder of title the meaning of operational research and management cybernetics.
260 ## - PUBLICATION, DISTRIBUTION, ETC. (IMPRINT)
Place of publication, distribution, etc. London ;
-- New York :
Name of publisher, distributor, etc. Wiley,
Date of publication, distribution, etc. 1966.[1974]
300 ## - PHYSICAL DESCRIPTION
Pagination xii, 556 p. :
Illustrations ill. ;
Size 24 cm.
500 ## - GENERAL NOTE
General note Includes index.
650 #0 - SUBJECT ADDED ENTRY--TOPICAL TERM
Topical term or geographic name as entry element Operations research.
9 (RLIN) 230694
Topical term or geographic name as entry element Cybernetics.
9 (RLIN) 230695
942 ## - ADDED ENTRY ELEMENTS (KOHA)
Source of classification or shelving scheme Dewey Decimal Classification
Koha item type Books
Holdings
Lost status Source of classification or shelving scheme Damaged status Not for loan Collection code Permanent Location Current Location Shelving location Date acquired Source of acquisition Cost, normal purchase price Total Checkouts Full call number Date last seen Copy number Koha item type
  Dewey Decimal Classification   Not For Loan Non-fiction Central Library, University of Rajshahi Central Library, University of Rajshahi Reading Room 05/01/1981 Heffers 5.60   003.5011 BED 1974 16/04/2019 C-1 Books